书目信息 |
| 题名: |
稻盛和夫的最后一战
|
|
| 作者: | 大西康之 著 ;千太阳 译 | |
| 分册: | ||
| 出版信息: | 北京 现代出版社 2013 |
|
| 页数: | 211页 | |
| 开本: | 21cm | |
| 丛书名: | ||
| 单 册: | ||
| 中图分类: | F279.313.3 | |
| 科图分类: | ||
| 主题词: | 企业管理--经验--日本--现代 , 企业管理 | |
| 电子资源: | ||
| ISBN: | 978-7-5143-1722-0 | |
| 000 | 00925nam0 2200253 450 | |
| 001 | 519 | |
| 005 | 20140909093217.28 | |
| 010 | @a978-7-5143-1722-0@dCNY32.00 | |
| 100 | @a20131105d2013 em y0chiy50 ea | |
| 101 | 1 | @achi@cjpn |
| 102 | @aCN@b110000 | |
| 105 | @aa z 000yy | |
| 106 | @ar | |
| 200 | 1 | @a稻盛和夫的最后一战@ADao Sheng He Fu De Zui Hou Yi Zhan@f(日)大西康之著@F( Ri ) Da Xi Kang Zhi Zhu@g千太阳译 |
| 210 | @a北京@c现代出版社@d2013 | |
| 215 | @a211页@c图@d21cm | |
| 330 | @a本书作者对稻盛和夫拯救日航的历程进行了深度调查,在书中披露了大量鲜为人知的细节。全书借助这则轰动全球的经典案例,全面总结这位管理大师独特的经营哲学和管理法则。 | |
| 606 | 0 | @a企业管理@x经验@y日本@z现代 |
| 606 | 0 | @a企业管理 |
| 690 | @aF279.313.3@v5 | |
| 701 | 0 | @g(日)@a大西康之@ADa Xi Kang Zhi@f(1965-)@4著 |
| 702 | 0 | @a千太阳@AQian Tai Yang@4译 |
| 801 | 0 | @aCN@bTANGWEI@c20140603 |
| 905 | @b0838171-73@dF279.313.3@e1164@f3 | |
| 稻盛和夫的最后一战/(日)大西康之著/千太阳译.-北京:现代出版社,2013 |
| 211页:图;21cm |
| ISBN 978-7-5143-1722-0:CNY32.00 |
| 本书作者对稻盛和夫拯救日航的历程进行了深度调查,在书中披露了大量鲜为人知的细节。全书借助这则轰动全球的经典案例,全面总结这位管理大师独特的经营哲学和管理法则。 |
| ● |
| 相关链接 |
|
|
|
|
正题名:稻盛和夫的最后一战
索取号:F279.313.3/1164
 
预约/预借
| 序号 | 登录号 | 条形码 | 馆藏地/架位号 | 状态 | 备注 |
| 1 | 0838171 | 208381712 | 第一样本阅览室/ [索取号:F279.313.3/1164] | 在馆 | |
| 2 | 0838172 | 208381721 | 第一借阅区/ [索取号:F279.313.3/1164] | 在馆 | |
| 3 | 0838173 | 208381730 | 密集书库-海洋学院/ [索取号:F279.313.3/1164] | 在馆 |